| 000 | 00402nam a2200169Ia 4500 | ||
|---|---|---|---|
| 003 | 0STCL | ||
| 008 | 150530s9999 xx 000 0 und d | ||
| 040 |
_aSTCL _cSTCL |
||
| 100 | _aThatcher, O.J.; Schwill, F. | ||
| 245 | _aGeneral history of Europe part II | ||
| 250 | _aFirst | ||
| 260 |
_bJohn Murray _c1924 |
||
| 546 | _aEnglish | ||
| 942 |
_2ddc _cBK |
||
| 999 |
_c70476 _d70476 |
||
| 005 | 20220125171435.0 | ||